000
00338 a2200157 4500
001
184019
020
_a
85-279-0380-6
040
_c
Magnum
100
_a
Prata, Liliane
240
1
0
_a
O diário de Débora 2
_l
por
245
1
0
_a
O diário de Débora 2
300
_a
256
362
0
_a
2005
697
_a
LITERATURA JUVENIL
942
_c
BK
999
_c
184019
_d
184019